| Поле | Название | Значение |
| |
Тип записи |
a |
| |
Библиографический уровень |
m |
| 001 |
Контрольный номер |
RU\infra-m\znanium\bibl\2236874 |
| 005 |
Дата корректировки |
20260429142123.4 |
| 008 |
Кодируемые данные |
260120s2025 RU g rus u |
| 020 |
Индекс ISBN |
__ |
| a |
ISBN |
978-5-00223-052-5 |
| 040 |
Источник каталогиз. |
__ |
| a |
Служба первич. каталог. |
Общество с ограниченной ответственностью «ЗНАНИУМ» |
| 041 |
Код языка издания |
__ |
| a |
Код языка текста |
rus |
| 044 |
Код страны публикации |
__ |
| a |
Код страны публикации |
RU |
| 080 |
Индекс УДК |
__ |
| a |
Индекс УДК |
94 |
| 084 |
Индекс другой классификации/Индекс ББК |
__ |
| 2 |
Источник индекса |
rubbk |
| a |
Индекс другой классификации/Индекс ББК |
280 |
| 100 |
Автор |
__ |
| a |
Автор |
Винарский М. |
| q |
Полное имя |
Винарский Максим |
| 245 |
Заглавие |
__ |
| a |
Заглавие |
Мертвый лев: Посмертная биография Дарвина и его идей |
| b |
Продолж. заглавия |
Научно-популярная литература |
| 250 |
Сведения об издании |
__ |
| a |
Основные сведения об издании |
1 |
| 260 |
Выходные данные |
__ |
| a |
Место издания |
Москва |
| b |
Издательство |
ООО "Альпина нон-фикшн" |
| c |
Дата издания |
2026 |
| 300 |
Физическое описание |
__ |
| a |
Объем |
448 с. |
| 520 |
Аннотация |
__ |
| a |
Аннотация |
Имя Дарвина входит во все списки самых знаменитых ученых всех времен и народов кто бы их ни составлял. Это человек который раз и навсегда изменил представление человечества о природе о жизни на Земле и о самом себе. Однако имя гениального исследователя провидца и революционера в науке продолжает тревожить умы возбуждать гнев и ненависть и даже сейчас спустя почти полтора столетия после его кончины никак не переведутся на свете охотники пинать мертвого льва. Этот образ стал яркой метафорой книги Максима Винарского посвященной посмертной биографии Дарвина ведь подобно тому как жизнь человека продолжается пока его помнят так и биография ученого продолжается пока живо его наследие. Созданная Дарвином теория после его смерти подверглась различным интерпретациям и искажениям порой извращенным и опасным. Его эволюционное учение использовали себе на потребу адепты самых противоположных политических движений и идеологий совершенно далеких от проблем теоретической биологии. К счастью высказанные им гениальные догадки получают в современной эволюционной науке дальнейшее развитие и это главное. |
| 521 |
Примеч. о цел. назн. |
__ |
| a |
Примеч. о целев. назн. |
Дополнительное образование |
| 650 |
Тематические рубрики |
__ |
| a |
Основная рубрика |
Биологические науки |
| 655 |
Указ. предметных рубрик (устаревшее) |
__ |
| a |
Жанр/ форма (устаревшее) |
Научно-популярная литература |
| 856 |
Электронный адрес документа |
4_ |
| a |
Имя сервера/домена |
znanium.ru |
| m |
Помощь |
ebs_support@infra-m.ru |
| n |
Местонахождение сервера |
НИЦ ИНФРА-М |
| u |
URL |
https://znanium.ru/catalog/document?id=474647 |
| 856 |
Электронный адрес документа |
48 |
| a |
Имя сервера/домена |
znanium.ru |
| d |
Путь |
/cover/2236 |
| f |
Электронное имя |
2236874.jpg |
| q |
Тип электронного формата |
image/jpeg |
| u |
URL |
https://znanium.ru/cover/2236/2236874.jpg |
| 911 |
|
__ |
| u |
|
0030=https://znanium.ru/catalog/document?id=474647 |